| 000 | 01261nam a2200277 4500 | ||
|---|---|---|---|
| 999 |
_c84094 _d321371 |
||
| 003 | |||
| 005 | 20221018155322.0 | ||
| 008 | 000404s2013 jo a g 00000 ara c | ||
| 020 | _a9789957831899 | ||
| 040 |
_aMA-UN _b _c MA-UN |
||
| 082 | 0 | 4 |
_a621.381 _221 _bش ي إ |
| 100 | 1 |
_aالشبول، ياسين أحمد _917477 |
|
| 245 | 1 | 2 |
_aالإلكترونيات المعاصرة = _bElectronics / _cياسين أحمد الشبول. |
| 246 | 1 | 3 | _aElectronics |
| 250 | _aط. 2. | ||
| 260 |
_aعمان، الأردن : _bمكتبة المجتمع العربي، _c2013 _m1434. |
||
| 300 |
_a2 ج : _bإيض. ؛ _c24 سم. |
||
| 500 | _aالموجود بالمكتبة : ج. 2. | ||
| 504 | _aيشتمل على قائمة ببليوجرافية. | ||
| 505 | _aالمحتويات : مج.2. الدوائر الإلكترونية. | ||
| 650 | 7 |
_aالإلكترونيات _9100764 |
|
| 942 |
_2ddc _cBOOK |
||
| 949 |
_aKULIB _d20 / 02 / 2009 _i190661 _n1 _usystem. |
||
| 949 |
_aKULIB _d20/02/2009 _i190661 _n1 _tDDC _usystem. |
||
| 949 |
_aARUC _n1 _d2011/7/16 _utraining |
||